Rio Sagrado : (Record no. 23292)

000 -CABECERA
fixed length control field 00542nam a22001697i 4500
003 - IDENTIFICADOR DEL NÚMERO DE CONTROL
control field AR-CdUCM
008 - DATOS DE LONGITUD FIJA--INFORMACIÓN GENERAL
fixed length control field 250527b20212021 pe||||| |||| 00| 0 spa d
040 ## - FUENTE DE LA CATALOGACIÓN
Agencia/entidad que catalogó originalmente la obra MUNICIPALIDAD PROVINCIAL DEL CUSCO
Entidad que transcribió la catalogación BIBLIOTECA MUNICIPAL DEL CUSCO
100 ## - ENTRADA PRINCIPAL--NOMBRE DE PERSONA
Nombre Personal Bustamante Quispe, Mario
245 ## - MENCIÓN DE TÍTULO
Título Rio Sagrado :
Resto del título Ojotín y Goyo /
260 ## - PUBLICACIÓN, DISTRIBUCIÓN, ETC.
Lugar de publicación, distribución, etc. Cusco :
Nombre de la editorial, distribuidor, etc. Autor-Editor
Fecha de publicación, distribución, etc. 2021
300 ## - DESCRIPCIÓN FÍSICA
Nº de Páginas Extensión 11 páginas. :
Otros detalles físicos Ilustraciones
Dimensiones 30x20 cm.
505 ## - NOTA DE CONTENIDO CON FORMATO
Nota de contenido formateada Rio Sagrado
856 ## - LOCALIZACIÓN Y ACCESO ELECTRÓNICOS
Dirección electrónica www.ojotincomic.blospot.com
942 ## - ELEMENTOS DE PUNTO DE ACCESO ADICIONAL (KOHA)
Fuente de clasificación
Tipo de item Libros-BMC
945 ## - PROCESAMIENTO DE INFORMACIÓN LOCAL (OCLC)
Catalogador pbjr
AAAA-MM-DD - Fecha de ingreso o modificacion 27-05-2025

No items available.

Powered by Koha